000 00269nam a22001097a 4500
082 _a030 COL'H
100 _aHALSEY, WILLIAM
_957306
245 _aCOLLIER'S ENCYCLOPEDIA WITH BIBLOGRAPHY AND INDEX VOL-15
250 _a24V
260 _aUSA
_bCOLLIER
_c1965
942 _cBK
999 _c567604
_d567604